Worship is for kids, too! : (Record no. 3123)
[ view plain ]
| 000 -LEADER | |
|---|---|
| fixed length control field | 00771nam a2200241Ii 4500 |
| 001 - CONTROL NUMBER | |
| control field | 26581 |
| 003 - CONTROL NUMBER IDENTIFIER | |
| control field | GBCCL |
| 005 - DATE AND TIME OF LATEST TRANSACTION | |
| control field | 20241126110447.0 |
| 008 - FIXED-LENGTH DATA ELEMENTS--GENERAL INFORMATION | |
| fixed length control field | 781113s1976 miua 000 0 eng d |
| 020 ## - INTERNATIONAL STANDARD BOOK NUMBER | |
| International Standard Book Number | 0892510153 |
| 035 ## - SYSTEM CONTROL NUMBER | |
| System control number | (OCoLC)04368949 |
| 040 ## - CATALOGING SOURCE | |
| Original cataloging agency | CBC |
| Transcribing agency | CBC |
| 049 ## - | |
| -- | LBBK |
| 082 ## - DEWEY DECIMAL CLASSIFICATION NUMBER | |
| Classification number | 268.7 |
| Item number | WAR |
| 092 ## - LOCALLY ASSIGNED DEWEY CALL NUMBER (OCLC) | |
| Item number | W262 |
| 100 1# - MAIN ENTRY--PERSONAL NAME | |
| Personal name | Ward, Ruth McRoberts. |
| 9 (RLIN) | 6459 |
| 245 10 - TITLE STATEMENT | |
| Title | Worship is for kids, too! : |
| Remainder of title | The why and how of children's worship / |
| Statement of responsibility, etc. | by Ruth McRoberts Ward; with foreword by Cal Guy; illustrative concept by Jim Hooker. |
| 260 ## - PUBLICATION, DISTRIBUTION, ETC. | |
| Place of publication, distribution, etc. | Kalamazoo, Mich. : |
| Name of publisher, distributor, etc. | Masters Press, Inc., |
| Date of publication, distribution, etc. | 1976. |
| 300 ## - PHYSICAL DESCRIPTION | |
| Extent | 128 p. : |
| Other physical details | illus. ; |
| Dimensions | 21 cm. |
| 650 #0 - SUBJECT ADDED ENTRY--TOPICAL TERM | |
| Topical term or geographic name entry element | Children |
| General subdivision | Religious life. |
| 9 (RLIN) | 2307 |
| 650 #0 - SUBJECT ADDED ENTRY--TOPICAL TERM | |
| Topical term or geographic name entry element | Worship (Religious education) |
| 9 (RLIN) | 5994 |
| 942 ## - ADDED ENTRY ELEMENTS (KOHA) | |
| Source of classification or shelving scheme | Dewey Decimal Classification |
| Koha item type | Books |
| Withdrawn status | Lost status | Source of classification or shelving scheme | Damaged status | Not for loan | Home library | Current Library | Shelving location | Date acquired | Total checkouts | Full call number | Barcode | Date last seen | Copy number | Price effective from | Koha item type |
|---|---|---|---|---|---|---|---|---|---|---|---|---|---|---|---|
| Dewey Decimal Classification | GRACE BIBLE COLLEGE | GRACE BIBLE COLLEGE | Ministry & Mission | 2017-10-30 | 268.7 WAR | 007143 | 2025-05-01 | c.1 | 2017-10-30 | Books |